000 00540nam a2200169 4500
001 113692
003 ES-MaACL
005 20230906185958.0
007 t|
008 061121q1955 sp r ||||1| spa d
100 1 _aPalencia, Luis.
_988535
245 1 0 _aCrisis y competencia
_b: dinero y personalidad : obra estrictamente mercantil /
_cpor Luis Palencia.
260 _a[S. l.] :
_bEdición Mercantil Práctica,
_c[1955?]
300 _a317 p. ;
_c21 cm.
852 _aES-MaACL
_jC-10375
_bR.37993
852 _aES-MaACL
_jC-14032
_bR.40530
999 _c113692
_d113692